| 000 | 00680nam a22002297a 4500 | ||
|---|---|---|---|
| 003 | NALT | ||
| 005 | 20220215143652.0 | ||
| 008 | s2005 eng d | ||
| 020 | _a9041123407 | ||
| 040 | _aNALT | ||
| 041 | _aeng | ||
| 090 |
_aKS 101.C6 _bG36I 2005 |
||
| 100 | 1 |
_aGanea, Peter. _956907 |
|
| 245 | 1 | 0 |
_aIntellectual property law in China / _cPeter Ganea and Thomas Pattloch ; editor, Christopher Heath. |
| 260 |
_aHague : _bKluwer Law International, _c2005 |
||
| 300 |
_a388 p. ; _c25 cm. |
||
| 650 | 0 | 4 | _aIntellectual property -- China |
| 700 | 1 |
_956906 _aPattloch, Thomas. |
|
| 700 | 1 |
_956908 _aHeath,Christopher. |
|
| 850 | _aNALT | ||
| 942 |
_cLB _2local |
||
| 999 |
_c46465 _d46465 |
||
| 998 |
_j109 _k อารีรัตน์ วิชาช่าง |
||